| 000 | 00000nam##2200000za#4500 |
| 001 | 9.581210 |
| 003 | CaOODSP |
| 005 | 20210624191417 |
| 007 | cr ||||||||||| |
| 008 | 150406|1986||||xxc|||||o f|0| 0 eng|d |
| 040 | |aCaOODSP|beng |
| 043 | |an-cn--- |
| 086 | 1 |aFs97-14/171-1986E-PDF |
| 110 | 1 |aCanada. |bDepartment of Fisheries and Oceans. |
| 245 | 12|aA summary of the observed 1983-84 Greenland halibut fisheries in NAFO subareas 0, 2 and 3 / |h[electronic resource]|cby D.W. Kulka. |
| 260 | |aSt. John's - Newfoundland and Labrador : |bFisheries and Oceans Canada |c1986. |
| 300 | |a246p.|bfigs., references, tables |
| 490 | 1 |aCanadian industry report of fisheries and aquatic sciences|vNo. 171 |
| 500 | |aFile reproduced from original print. On t.p. : Fisheries Research Branch, St. John's, Newfoundland. The catalogue number and ISSN for the print edition appear in the PDF version. |
| 546 | |a(Résumé en français.) |
| 590 | |a14-20-Supp|b2014-11-25 |
| 720 | 1 |aKulka, D. W. |
| 830 | #0|aCanadian industry report of fisheries and aquatic sciences ;|vNo. 171|w(CaOODSP)9.505199 |
| 856 | 40|ahttp://publications.gc.ca|qPDF|s7625 KB|uhttps://publications.gc.ca/collections/collection_2014/mpo-dfo/Fs97-14-171-1986-eng.pdf|yNo. 171 |